LEADER 01362nam a2200217 u 4500 001 000000109923 003 CaOOAMICUS 005 20080220112346.0 008 080220s1934 it u000 u ita u 040 $aPUL(R)$bita$dBc 100 1 $aScapaticci, Raffaele.$0(OLS)http://pul/name/67337 245 10$aLegislazione stradale comparata :$ble principali leggi estere sulla circolazione stradale, con note e riferimenti al codice della strada italiano.$nVolume 2.$pSpagna - Stato del Deleware (Nord America) /$cRaffaele Scapaticci. 260 $aCittą di Castello :$bTip. Leonardo da Vinci,$c1934. 300 $a226 p. ;$c19 cm. 500 $aSul front.: Estratto da La Giustizia Penale - Parte III : Le Leggi Speciali Anno XL, 1934, (X della 4° serie). 650 4$aCircolazione stradale$xLegislazione.$0(OLS)http://pul/subject/33618 850 $aPUL 852 $aPUL$W1$xDP1 Cons. Gen., Altre Classi 1$y22$m833 B 7$j125870$av. 2$qStampati$B124598$CPULBib$Z2$F124598 $H6661 $82 941 1 $a8 996 $6245$aLegislazione stradale comparata :$ble principali leggi estere sulla circolazione stradale, con note e riferimenti al codice della strada italiano.$nVolume 2.$pSpagna - Stato del Deleware (Nord America)$9(OLS)http://pul/title/138217 996 $6260$aCittą di Castello :$bTip. Leonardo da Vinci$9(OLS)http://pul/publisher/79672 LEADER 01337nam a2200289 u 4500 001 000000046982 003 CaOOAMICUS 005 20070226114832.0 008 990723s1736 it u000 u ita u 035 $a10830767 040 $aPUL(R)$bita 041 1 $aita$hfre 100 0 $aFranciscus Salesius,$cs.,$d1567-1622.$0(OLS)http://pul/name/21121 245 10$aCostituzioni e istruzioni sinodali /$cdi S. Francesco di Sales ... ; poste in ordine ed accresciute da monsignor Giovanni D'Aranton D'Alex .. 260 $aIn Venezia :$bappresso Francesco Pitteri,$c1736. 300 $aviii, 96 p. ;$c24 cm 500 $aContiene indici. 500 $aFrontespizio inciso. 504 $aBibliografia in nota. 650 4$aConcili e sinodi.$0(OLS)http://pul/subject/1553 850 $aPUL 852 $aPUL$W1$xDP1 Antico 700$y26$m29 G 22$j62856$nBK-PRI$b $qStampati Antico$B62856$CPULBib$Z2$F62856 $H $81 852 $aPUL$W1$xDP1 Antico 700$y26$m29 G 28$j62857$nBK-PRI$b $qStampati Antico$B62857$CPULBib$Z2$F62857 $H $81 900 $aFrancesco di Sales,$cs.$d1567-1622$921121 941 1 $a15 996 $6245$aCostituzioni e istruzioni sinodali$9(OLS)http://pul/title/63235 996 $6260$aIn Venezia :$bappresso Francesco Pitteri$9(OLS)http://pul/publisher/66746